| 000 | 00730nam a2200229 a 4500 | ||
|---|---|---|---|
| 001 | 000009172 | ||
| 005 | 20240412074210.0 | ||
| 008 | 090928s2002 dr 000 0 spa d | ||
| 020 | _a9993454133 | ||
| 040 |
_aDO-SdBNP _bspa _cBNPHU |
||
| 082 |
_aRD861.44 _bC117p |
||
| 100 | 1 |
_aCabral, Manuel del, _d1907-1999 _923556 |
|
| 245 | 1 | 0 |
_aPremio Nacional de Literatura 1992 / _cManuel del Cabral. |
| 260 |
_aSanto Domingo : _bFundación Corripio, _c2002. |
||
| 300 |
_a468 p. ; _c24 cm. |
||
| 490 | 1 | _aPremio Nacional de Literatura | |
| 500 | _aIncluye datos biografícos del autor. | ||
| 650 | 0 |
_aPoesía dominicana _966 |
|
| 650 | 0 |
_aLiteratura dominicana. _967 |
|
| 830 | 0 |
_aPremio Nacional de Literatura _923844 |
|
| 049 | _aBNPD | ||
| 999 |
_c8936 _d8936 |
||